Movies Quiz

Random Movies or Actor Quiz

Bacon Links Quiz Stats

 Plays Quiz Updated Aug 31, 2012

Also try: Kevin Bacon Movies
Challenge
Share
Tweet
Embed
Score 0/26 Timer 12:00
0 Plays Today
Question Actor % Correct
Kevin Bacon was in 'Animal House' with this overweight slobJohn Belushi
91%
...who played the brother of this fellow SNL cast member in 'The Blues Brothers'Dan Aykroyd
83.2%
...who was in 'A Few Good Men' with Kevin Bacon and this female defense attorneyDemi Moore
69.8%
...who talked this fallen angel into clipping his wings in 'Dogma'Matt Damon
67.9%
...who was angry at this roughneck for sleeping with his daughter in 'Armageddon'Ben Affleck
66.5%
...who was the former partner of this British agent in 'Goldeneye'Pierce Brosnan
65.5%
..who taught this actor about life in 'Meet Joe Black'Brad Pitt
65.1%
...who questioned this cannibalistic doctor in 'Red Dragon'Anthony Hopkins
63.8%
...who was this Irish mobster's inside man in the Massachusetts State Police in 'The Departed'Jack Nicholson
62.3%
...who was replaced on the Apollo 13 crew by this actor in 'Apollo 13'Kevin Bacon
56.7%
...who was the girlfriend of this just-released skinhead in American History XEdward Norton
54.8%
...who was turned into a zombie by this lieutenant in 'Planet Terror'Bruce Willis
54.5%
...who captured this 'Keymaster' in 'Ghostbusters'Rick Moranis
53.3%
Question Actor % Correct
...who was in 'Sleepers' with Kevin Bacon and this priestRobert De Niro
52.3%
...who starred in 'Wild Things' with Kevin Bacon and this actressNeve Campbell
44.3%
...who seduced this nuclear physicist in 'The World Is Not Enough'Denise Richards
43.5%
...who was chasing this actor's Winnebago spaceship in 'Spaceballs'Bill Pullman
39.4%
...who played the younger version of this actor's father in 'The Godfather: Part II'James Caan
38.2%
...who took a long walk through Middle Earth with this warrior of Gondor in 'Lord of the Rings: Fellowship of the Ring'Sean Bean
37.8%
...who took SEAL training from this Master Chief in 'G.I. Jane'Viggo Mortensen
34%
...who was an astronaut on his way to Mars, just like this actor in 'Mission to Mars'Gary Sinise
25.7%
...who delivered the money to this Latin gunman in 'The Way of the Gun'Benicio Del Toro
25.3%
...who unleashed her inner magic with the help of this actress in 'The Craft'Fairuza Balk
17.4%
...who investigated drug traffic south of the border in 'Traffic' while this actor investigated north of the borderDon Cheadle
15.3%
...who was in 'Hollow Man' with Kevin Bacon and this male team memberJosh Brolin
11.3%
...who fell for this EMT in 'Zero Effect'Kim Dickens
6.6%

You're not logged in!

Compare scores with friends on all Sporcle quizzes.
Join for Free
OR
Log In

You Might Also Like...

Show Comments

Extras

Top Quizzes Today


Score Distribution

Your Account Isn't Verified!

In order to create a playlist on Sporcle, you need to verify the email address you used during registration. Go to your Sporcle Settings to finish the process.

Report this User

Report this user for behavior that violates our Community Guidelines.

Details: